[Event "COL-ch sf (Women)"]
[Site "Pereira"]
[Date "2024.03.29"]
[Round "5"]
[White "Moncada Correa, Sara"]
[Black "Pinillo Canon, Silvana"]
[Result "1-0"]
[WhiteElo "2013"]
[BlackElo "1927"]
[PlyCount "89"]
[EventDate "2024.03.27"]
[EventType "swiss"]
[EventRounds "9"]
[EventCountry "COL"]
[SourceTitle "CB14_2024"]
[SourceDate "2024.04.01"]
[SourceVersion "1"]
[SourceVersionDate "2024.04.01"]
[SourceQuality "1"]

1. Nf3 d5 2. g3 Nf6 3. Bg2 e6 4. 0-0 Be7 5. d4 0-0 6. c4 dxc4 7. Qc2 a6 8. a4 Bd7 9. Qxc4 Bc6 10. Bf4 Bd6 11. Qc1 a5 12. Nc3 Na6 13. Bg5 Bb4 14. Re1 Bxf3 15. Bxf3 c6 16. Rd1 h6 17. Bf4 Nc7 18. e4 Rc8 19. Qc2 Qe7 20. Rac1 Rfd8 21. Qe2 Qe8 22. h4 Nd7 23. Bg4 Nf8 24. Bh3 Ng6 25. Be3 Rb8 26. h5 Nf8 27. Qg4 Kh8 28. Bf4 Rbc8 29. Be5 f6 30. Bf4 Bd6 31. e5 Be7 32. exf6 Bxf6 33. Ne4 Bxd4 34. Nd6 Rxd6 35. Bxd6 Bf6 36. Bxf8 Qxf8 37. Rd7 Qe8 38. Rcd1 Bxb2 39. Bg2 Bf6 40. Be4 Kg8 41. Bg6 Qf8 42. Rf7 Qb4 43. Qe2 Qb6 44. Rdd7 c5 45. Bc2 1-0

[Event "COL-ch sf (Women)"]
[Site "Pereira"]
[Date "2024.03.28"]
[Round "2"]
[White "Ceballos Castellanos, Isabela"]
[Black "Moncada Correa, Sara"]
[Result "0-1"]
[WhiteElo "1851"]
[BlackElo "2013"]
[PlyCount "74"]
[EventDate "2024.03.27"]
[EventType "swiss"]
[EventRounds "9"]
[EventCountry "COL"]
[SourceTitle "CB14_2024"]
[SourceDate "2024.04.01"]
[SourceVersion "1"]
[SourceVersionDate "2024.04.01"]
[SourceQuality "1"]

1. e4 e5 2. f4 d5 3. exd5 exf4 4. Nf3 Nf6 5. c4 c6 6. d4 cxd5 7. c5 b6 8. Bb5+ Bd7 9. Qe2+ Be7 10. 0-0 bxc5 11. Re1 Bxb5 12. Qxb5+ Qd7 13. Qxc5 Ne4 14. Qc2 0-0 15. Ne5 Qb7 16. Bxf4 Rc8 17. Qb3 Qxb3 18. axb3 Bb4 19. Rc1 Rxc1+ 20. Bxc1 a5 21. Na3 Bxa3 22. bxa3 f6 23. Nd3 Nc6 24. Be3 Rb8 25. b4 axb4 26. axb4 Nxb4 27. Bf4 Rb5 28. Nc5 Nxc5 29. dxc5 Rxc5 30. Bd6 Rc4 31. Ra4 Nd3 32. Ra8+ Kf7 33. Kf1 h5 34. Ke2 Nf4+ 35. Bxf4 Rxf4 36. Ke3 Rg4 37. g3 h4 0-1

[Event "COL-ch sf (Women)"]
[Site "Pereira"]
[Date "2024.03.28"]
[Round "3"]
[White "Moncada Correa, Sara"]
[Black "Mateus, Martha"]
[Result "1/2-1/2"]
[WhiteElo "2013"]
[BlackElo "1932"]
[PlyCount "116"]
[EventDate "2024.03.27"]
[EventType "swiss"]
[EventRounds "9"]
[EventCountry "COL"]
[SourceTitle "CB14_2024"]
[SourceDate "2024.04.01"]
[SourceVersion "1"]
[SourceVersionDate "2024.04.01"]
[SourceQuality "1"]

1. d4 d5 2. c4 e6 3. Nf3 Nf6 4. g3 Bb4+ 5. Bd2 Be7 6. Bg2 0-0 7. 0-0 c6 8. Qc2 b6 9. b3 Nbd7 10. Bf4 Bb7 11. Nc3 Nh5 12. Bc1 Nhf6 13. e4 Nxe4 14. Nxe4 dxe4 15. Qxe4 Nf6 16. Qe2 c5 17. Rd1 cxd4 18. Nxd4 Qc8 19. Bb2 Bxg2 20. Kxg2 Qb7+ 21. Qf3 Qxf3+ 22. Kxf3 Bc5 23. Nc6 Rfc8 24. Ne5 Rd8 25. h3 h6 26. Nc6 Rdc8 27. Bxf6 gxf6 28. Nd4 a6 29. a4 Rd8 30. Nc2 a5 31. Rab1 Kg7 32. Ne3 f5 33. g4 Kf6 34. gxf5 Bxe3 35. Kxe3 Kxf5 36. Rbc1 e5 37. f3 Rxd1 38. Rxd1 Ke6 39. Rd5 Rc8 40. Rb5 Rc6 41. f4 f6 42. fxe5 fxe5 43. Ke4 Rd6 44. Rxe5+ Kf6 45. Rb5 Ke6 46. c5 bxc5 47. Rxc5 Ra6 48. h4 Rb6 49. Rb5 Ra6 50. Kd4 Kd6 51. Rh5 Kc7 52. Kc4 Rf6 53. Rxa5 Rf4+ 54. Kb5 Kb7 55. h5 Rh4 56. b4 Rxh5+ 57. Kc4 Rxa5 58. bxa5 Ka6 1/2-1/2

[Event "COL-chT (Women)"]
[Site "Risaralda"]
[Date "2023.11.20"]
[Round "3.3"]
[White "Mateus, Martha"]
[Black "Moncada Correa, Sara"]
[Result "1-0"]
[WhiteElo "1908"]
[BlackElo "1997"]
[PlyCount "99"]
[EventDate "2023.11.19"]
[EventType "team-swiss"]
[EventRounds "7"]
[EventCountry "COL"]
[SourceTitle "CB49_2023"]
[SourceDate "2023.12.06"]
[SourceVersion "1"]
[SourceVersionDate "2023.12.06"]
[SourceQuality "1"]
[WhiteTeam "Valle (W)"]
[BlackTeam "Antioquia (W)"]
[WhiteTeamCountry "COL"]
[BlackTeamCountry "COL"]

1. e4 e6 2. d4 d5 3. Nd2 dxe4 4. Nxe4 Nd7 5. Nf3 Ngf6 6. Bd3 Nxe4 7. Bxe4 Nf6 8. Bg5 Be7 9. Bd3 c5 10. dxc5 Qa5+ 11. c3 Qxc5 12. Qe2 a6 13. 0-0 0-0 14. Rad1 Rd8 15. Bxf6 Bxf6 16. Bxh7+ Kf8 17. Rxd8+ Bxd8 18. Rd1 Bf6 19. Bc2 Qc7 20. Qd3 b5 21. Qh7 Bb7 22. Be4 Bxe4 23. Qxe4 Rd8 24. Qe2 Rxd1+ 25. Qxd1 a5 26. a4 bxa4 27. Qxa4 Qb6 28. Qc2 Qb5 29. b3 Ke7 30. c4 Qc5 31. g3 Kd7 32. Qd3+ Kc7 33. h4 g6 34. Kf1 Qa3 35. Qe3 Kb7 36. Kg2 Qd6 37. Ng5 Bxg5 38. Qxg5 Qc6+ 39. Kf1 Ka6 40. Qb5+ Qxb5 41. cxb5+ Kxb5 42. g4 Kb4 43. h5 gxh5 44. gxh5 Kxb3 45. h6 a4 46. h7 a3 47. h8Q Ka2 48. Qf6 Kb1 49. Qxf7 a2 50. Qxe6 1-0

[Event "COL-chT (Women)"]
[Site "Risaralda"]
[Date "2023.11.19"]
[Round "1.2"]
[White "Rincon Fuquen, Angie Lizeth"]
[Black "Moncada Correa, Sara"]
[Result "0-1"]
[WhiteElo "1532"]
[BlackElo "1997"]
[PlyCount "28"]
[EventDate "2023.11.19"]
[EventType "team-swiss"]
[EventRounds "7"]
[EventCountry "COL"]
[SourceTitle "CB49_2023"]
[SourceDate "2023.12.06"]
[SourceVersion "1"]
[SourceVersionDate "2023.12.06"]
[SourceQuality "1"]
[WhiteTeam "Boyaca (W)"]
[BlackTeam "Antioquia (W)"]
[WhiteTeamCountry "COL"]
[BlackTeamCountry "COL"]

1. d4 d5 2. g3 Nf6 3. Bg2 c6 4. Nf3 Bf5 5. 0-0 e6 6. c4 Nbd7 7. Nc3 dxc4 8. Nh4 Bg4 9. f3 Bh5 10. Qc2 Be7 11. Bh1 Nb6 12. Rd1 Nfd5 13. Ng2 Bg6 14. e4 0-0 0-1

[Event "Medellin de La Raza op"]
[Site "Medellin"]
[Date "2023.10.15"]
[Round "7"]
[White "Jimenez Jimenez, Leandro"]
[Black "Moncada Correa, Sara"]
[Result "1-0"]
[WhiteElo "2147"]
[BlackElo "2007"]
[PlyCount "77"]
[EventDate "2023.10.12"]
[EventType "swiss"]
[EventRounds "10"]
[EventCountry "COL"]
[SourceTitle "Mega2024 Update 01"]
[Source "Chessbase"]
[SourceDate "2023.11.12"]
[SourceVersion "1"]
[SourceVersionDate "2023.11.12"]
[SourceQuality "1"]

1. d4 d5 2. c4 c6 3. Nf3 Nf6 4. Qb3 dxc4 5. Qxc4 Bf5 6. g3 e6 7. Bg2 Nbd7 8. 0-0 Be7 9. Nbd2 0-0 10. Qb3 Qb6 11. Nc4 Qxb3 12. axb3 Be4 13. Nfe5 Bxg2 14. Kxg2 Bb4 15. Nd3 a5 16. Nxb4 axb4 17. Bd2 c5 18. dxc5 Nxc5 19. Bxb4 Nxb3 20. Rad1 Rfd8 21. Nb6 Rxd1 22. Rxd1 Re8 23. Rd3 Nc1 24. Rd2 h6 25. Rc2 Nb3 26. e3 Rd8 27. Rc3 Nd2 28. Be7 Rb8 29. Bxf6 gxf6 30. Nd7 Ra8 31. Nxf6+ Kg7 32. Nh5+ Kg6 33. Nf4+ Kf6 34. Rc7 Rb8 35. Nd3 b6 36. f4 Kg7 37. Ne5 Rf8 38. Rb7 Ne4 39. Kf3 1-0

[Event "Pereira Fiestas de la Cosecha op"]
[Site "Pereira"]
[Date "2023.08.24"]
[Round "1"]
[White "Guzman Guacas, Daniel Stiven"]
[Black "Moncada Correa, Sara"]
[Result "0-1"]
[WhiteElo "1411"]
[BlackElo "1989"]
[PlyCount "58"]
[EventDate "2023.08.24"]
[EventType "swiss"]
[EventRounds "7"]
[EventCountry "COL"]
[SourceTitle "EXT 2024"]
[Source "ChessBase"]
[SourceDate "2023.10.10"]
[SourceVersion "1"]
[SourceVersionDate "2023.10.10"]
[SourceQuality "1"]

1. d4 d5 2. Nf3 Nf6 3. Nbd2 c5 4. c3 Nc6 5. g3 g6 6. Bg2 Bg7 7. 0-0 cxd4 8. cxd4 0-0 9. e3 Bf5 10. Nb3 Rc8 11. Bd2 Bd3 12. Re1 Ne4 13. Bc3 Nxc3 14. bxc3 Bc4 15. Rc1 e6 16. Nfd2 Na5 17. Nxa5 Qxa5 18. Nxc4 Rxc4 19. Qb3 b6 20. Bf1 Ra4 21. Rc2 a6 22. Rb1 b5 23. Bd3 Rc8 24. e4 dxe4 25. Bxe4 Ra3 26. Qb4 Rxa2 27. Rxa2 Qxa2 28. Rb3 Bf8 29. Ra3 Qxa3 0-1

[Event "Medellin Flores op 30th"]
[Site "Medellin"]
[Date "2023.08.05"]
[Round "5"]
[White "Moncada Correa, Sara"]
[Black "Rios Parra, Alejandro"]
[Result "0-1"]
[WhiteElo "1989"]
[BlackElo "2198"]
[PlyCount "68"]
[EventDate "2023.08.03"]
[EventType "swiss"]
[EventRounds "9"]
[EventCountry "COL"]
[SourceTitle "CBM 215 Extra"]
[Source "ChessBase"]
[SourceDate "2023.09.30"]
[SourceVersion "1"]
[SourceVersionDate "2023.09.30"]
[SourceQuality "1"]

1. d4 Nf6 2. c4 e6 3. Nf3 c5 4. d5 exd5 5. cxd5 d6 6. Nc3 g6 7. Bf4 a6 8. a4 Bg7 9. h3 0-0 10. e3 Re8 11. Nd2 Nbd7 12. Be2 Ne5 13. 0-0 Rb8 14. Bg3 Qe7 15. Re1 g5 16. f4 Ng6 17. Bf3 gxf4 18. exf4 Qf8 19. Rxe8 Nxe8 20. Nde4 Bf5 21. Qd2 Bd4+ 22. Kh2 Qh6 23. Re1 Nh4 24. Qd1 b5 25. axb5 axb5 26. Ng5 Nf6 27. Bxh4 Qxh4 28. g3 Qh6 29. Re7 b4 30. Na4 Qg6 31. Nxf7 Bc2 32. Nh6+ Kf8 33. Qe2 Qxh6 34. Qe6 Ng4+ 0-1

[Event "Sabaneta op-A 2nd"]
[Site "Sabaneta Antioquia"]
[Date "2023.07.03"]
[Round "8"]
[White "Moncada Correa, Sara"]
[Black "Palencia Morales, Wilson Guillermo"]
[Result "0-1"]
[WhiteElo "1959"]
[BlackElo "2300"]
[PlyCount "66"]
[EventDate "2023.06.28"]
[EventType "swiss"]
[EventRounds "9"]
[EventCountry "COL"]
[SourceTitle "CBM 215 Extra"]
[Source "ChessBase"]
[SourceDate "2023.09.30"]
[SourceVersion "1"]
[SourceVersionDate "2023.09.30"]
[SourceQuality "1"]

1. d4 d5 2. c4 dxc4 3. Nf3 Nf6 4. e3 c5 5. Bxc4 e6 6. 0-0 a6 7. Qe2 b5 8. Bd3 Bb7 9. dxc5 Nc6 10. Rd1 Qc7 11. a3 Bxc5 12. Nbd2 b4 13. Nc4 0-0 14. b3 bxa3 15. Bxa3 Nb4 16. Bxb4 Bxb4 17. Rac1 a5 18. Bb1 Qe7 19. Nfe5 Rad8 20. Rxd8 Rxd8 21. Rd1 Rd5 22. Bc2 Qc7 23. f4 g6 24. Rd3 Ba6 25. e4 Qc5+ 26. Kf1 Rxd3 27. Qxd3 Kg7 28. g3 a4 29. Kg2 a3 30. Bb1 Bb7 31. Nd7 Nxe4 32. Qf3 Qd4 33. Qe3 Nc3+ 0-1

[Event "Sabaneta op-A 1st"]
[Site "Sabaneta"]
[Date "2022.11.30"]
[Round "9"]
[White "Moncada Correa, Sara"]
[Black "Conti, Julian"]
[Result "1-0"]
[WhiteElo "2018"]
[BlackElo "1890"]
[PlyCount "89"]
[EventDate "2022.11.25"]
[EventType "swiss"]
[EventRounds "10"]
[EventCountry "COL"]
[SourceTitle "CBM 211 Extra"]
[Source "ChessBase"]
[SourceDate "2023.01.31"]
[SourceVersion "1"]
[SourceVersionDate "2023.01.31"]
[SourceQuality "1"]

1. d4 d5 2. c4 dxc4 3. Nf3 a6 4. e3 e6 5. Bxc4 b5 6. Bd3 Bb7 7. 0-0 Nd7 8. Qe2 c5 9. Rd1 Qb6 10. Nc3 Ngf6 11. Bc2 Rd8 12. b3 cxd4 13. exd4 Be7 14. Bb2 Qd6 15. Ne5 0-0 16. Rac1 Rfe8 17. Bb1 Nf8 18. f3 Ng6 19. Ne4 Qb6 20. Nc5 Ba8 21. Ned3 Nd5 22. g3 Bf6 23. Ne5 a5 24. Ned7 Qa7 25. Qxb5 Bg5 26. f4 Ngxf4 27. gxf4 Nxf4 28. Rc3 e5 29. Re1 e4 30. Rce3 f5 31. Ne5 Nd5 32. R3e2 Qe7 33. Nc6 Bxc6 34. Qxc6 Rd6 35. Qb7 Qf6 36. Kh1 Qh6 37. Nxe4 fxe4 38. Bxe4 Ne3 39. Bc1 Rxd4 40. Bxe3 Rdxe4 41. Bxg5 Rxe2 42. Rxe2 Qh5 43. Qd5+ Kh8 44. Rxe8+ Qxe8 45. Qd1 1-0

[Event "COL-chT Blitz (Women)"]
[Site "Santa Marta"]
[Date "2022.11.07"]
[Round "9.2"]
[White "Moncada Correa, Sara"]
[Black "Corredor Agamez, Nicole Vanessa"]
[Result "1-0"]
[WhiteElo "1956"]
[BlackElo "1339"]
[PlyCount "37"]
[EventDate "2022.11.07"]
[EventType "team-swiss"]
[EventRounds "9"]
[EventCountry "COL"]
[SourceTitle "CBM 211 Extra"]
[Source "ChessBase"]
[SourceDate "2023.01.31"]
[SourceVersion "1"]
[SourceVersionDate "2023.01.31"]
[SourceQuality "1"]
[WhiteTeam "Antioquia (W)"]
[BlackTeam "San Andres Isla (W)"]
[WhiteTeamCountry "COL"]
[BlackTeamCountry "COL"]

1. d4 d5 2. c4 Nf6 3. Nf3 Bf5 4. g3 c6 5. Bg2 e6 6. 0-0 dxc4 7. Ne5 Bd6 8. Nxc4 0-0 9. Nc3 c5 10. Bxb7 Nbd7 11. Nxd6 cxd4 12. Qxd4 Bg4 13. Bxa8 Qxa8 14. Nde4 Rd8 15. Rd1 e5 16. Nxf6+ Nxf6 17. Qxd8+ Qxd8 18. Rxd8+ Ne8 19. Rxe8# 1-0

[Event "COL-chT Blitz (Women)"]
[Site "Santa Marta"]
[Date "2022.11.07"]
[Round "7.2"]
[White "Velez Alvarez, Laura Camila"]
[Black "Moncada Correa, Sara"]
[Result "0-1"]
[WhiteElo "1692"]
[BlackElo "1956"]
[PlyCount "92"]
[EventDate "2022.11.07"]
[EventType "team-swiss"]
[EventRounds "9"]
[EventCountry "COL"]
[SourceTitle "CBM 211 Extra"]
[Source "ChessBase"]
[SourceDate "2023.01.31"]
[SourceVersion "1"]
[SourceVersionDate "2023.01.31"]
[SourceQuality "1"]
[WhiteTeam "Caqueta (W)"]
[BlackTeam "Antioquia (W)"]
[WhiteTeamCountry "COL"]
[BlackTeamCountry "COL"]

1. e4 c6 2. d4 d5 3. Nd2 dxe4 4. Nxe4 Nf6 5. Nxf6+ exf6 6. Nf3 Bd6 7. Be2 Bg4 8. 0-0 0-0 9. Qd3 Nd7 10. c4 Re8 11. Be3 Nf8 12. Rfe1 Qc7 13. h3 Bh5 14. a3 Ne6 15. Rad1 Nf4 16. Bxf4 Bxf4 17. Bf1 Bg6 18. Qc3 Rad8 19. d5 Rxe1 20. Nxe1 cxd5 21. cxd5 Qxc3 22. bxc3 Bd6 23. Nf3 Bxa3 24. Ra1 Bc5 25. c4 Rd7 26. Re1 Kf8 27. Nh4 a5 28. Nxg6+ hxg6 29. g4 a4 30. Bd3 Rd6 31. Kg2 Rb6 32. f4 Rb2+ 33. Kf3 a3 34. Ke4 Ke7 35. Ra1 Kd6 36. f5 gxf5+ 37. gxf5 Rh2 38. h4 Rxh4+ 39. Kf3 Rh2 40. Kf4 Rd2 41. Bb1 Rd4+ 42. Kf3 Rxc4 43. Ba2 Rc2 44. Bb3 Rc3+ 45. Ke4 Rxb3 46. Rc1 a2 0-1

[Event "COL-chT Rapid (Women)"]
[Site "Santa Marta"]
[Date "2022.11.04"]
[Round "4.2"]
[White "Moncada Correa, Sara"]
[Black "Hernandez Bermudez, Manuela"]
[Result "1-0"]
[WhiteElo "1924"]
[BlackElo "1781"]
[PlyCount "127"]
[EventDate "2022.11.02"]
[EventType "team-swiss"]
[EventRounds "7"]
[EventCountry "COL"]
[SourceTitle "CBM 211 Extra"]
[Source "ChessBase"]
[SourceDate "2023.01.31"]
[SourceVersion "1"]
[SourceVersionDate "2023.01.31"]
[SourceQuality "1"]
[WhiteTeam "Antioquia (W)"]
[BlackTeam "Risaralda (W)"]
[WhiteTeamCountry "COL"]
[BlackTeamCountry "COL"]

1. d4 Nf6 2. c4 g6 3. Nc3 d5 4. cxd5 Nxd5 5. e4 Nxc3 6. bxc3 Bg7 7. Nf3 c5 8. Bb5+ Bd7 9. Bxd7+ Nxd7 10. 0-0 0-0 11. Rb1 b6 12. Be3 Rc8 13. Qa4 Qc7 14. Rfc1 Qb7 15. d5 Nf6 16. Qc2 c4 17. Nd4 e6 18. Nb5 Rfd8 19. Bg5 exd5 20. e5 Ne4 21. Bxd8 Rxd8 22. f3 Nc5 23. f4 Nd3 24. Rf1 Bf8 25. Qe2 Qd7 26. h3 Bc5+ 27. Kh2 Re8 28. Qf3 f6 29. Nd6 Bxd6 30. Qxd5+ Qe6 31. Qxe6+ Rxe6 32. exd6 Rxd6 33. Rbd1 Kf7 34. Rf3 Re6 35. f5 Re2 36. fxg6+ hxg6 37. Rdf1 f5 38. h4 f4 39. Kh3 Rc2 40. g3 Kf6 41. gxf4 Kf5 42. Kg3 Rxc3 43. Re1 Rc2 44. Re7 Rxa2 45. Rfe3 Kf6 46. Kg4 Rg2+ 47. Kf3 Rf2+ 48. Kg3 Ra2 49. Rc7 b5 50. Ree7 a5 51. Rb7 b4 52. Rec7 Re2 53. Rxc4 Re6 54. Rc8 Rd6 55. Re8 a4 56. h5 gxh5 57. Rf8+ Kg6 58. f5+ Kh6 59. f6 b3 60. f7 Rf6 61. Rh8+ Kg6 62. f8Q Rxf8 63. Rxf8 b2 64. Ra8 1-0

[Event "Medellin Raza Cup"]
[Site "Medellin"]
[Date "2022.10.19"]
[Round "2"]
[White "Moncada Correa, Sara"]
[Black "Negron Lizarazo, Juan Sebastian"]
[Result "1-0"]
[WhiteElo "2024"]
[BlackElo "1565"]
[PlyCount "102"]
[EventDate "2022.10.19"]
[EventType "swiss"]
[EventRounds "10"]
[EventCountry "COL"]
[SourceTitle "EXT 2024"]
[Source "ChessBase"]
[SourceDate "2023.10.10"]
[SourceVersion "1"]
[SourceVersionDate "2023.10.10"]
[SourceQuality "1"]

1. d4 d5 2. c4 c6 3. Nf3 Nf6 4. Qc2 e6 5. g3 Be7 6. Bg2 0-0 7. Nbd2 b6 8. 0-0 Bb7 9. e4 dxe4 10. Nxe4 Nbd7 11. Rd1 Nxe4 12. Qxe4 Nf6 13. Qe2 Qc7 14. Bf4 Bd6 15. Ne5 Nd7 16. Nxd7 Qxd7 17. Be3 Qe7 18. Rac1 Rac8 19. c5 Bc7 20. b4 b5 21. a4 a6 22. axb5 axb5 23. Ra1 Ra8 24. Qb2 h6 25. Bd2 Rfe8 26. Bc3 Qf8 27. Be4 Rec8 28. f4 Bd8 29. f5 exf5 30. Bxf5 Rcb8 31. d5 cxd5 32. Be5 Rxa1 33. Rxa1 Ra8 34. Bd7 Bf6 35. Bxf6 gxf6 36. c6 Rxa1+ 37. Qxa1 Bxc6 38. Bxc6 Qxb4 39. Qxf6 Qe1+ 40. Kg2 Qe4+ 41. Kh3 Qe6+ 42. Qxe6 fxe6 43. Bxb5 Kf7 44. Kg4 Kg6 45. Be8+ Kf6 46. Kh5 e5 47. Kxh6 e4 48. g4 d4 49. g5+ Ke5 50. g6 e3 51. Bb5 Kd5 1-0

[Event "COL-ch U26 (Women)"]
[Site "Cali"]
[Date "2022.09.30"]
[Round "6"]
[White "Castano Herrera, Saray"]
[Black "Moncada Correa, Sara"]
[Result "0-1"]
[WhiteElo "1636"]
[BlackElo "2024"]
[PlyCount "20"]
[EventDate "2022.09.28"]
[EventType "swiss"]
[EventRounds "6"]
[EventCountry "COL"]
[SourceTitle "CBM 210 Extra"]
[Source "ChessBase"]
[SourceDate "2022.11.30"]
[SourceVersion "1"]
[SourceVersionDate "2022.11.30"]
[SourceQuality "1"]

1. e4 e5 2. Nf3 Nc6 3. Bb5 a6 4. Ba4 Nf6 5. 0-0 b5 6. Bb3 Bc5 7. c3 d6 8. d4 Ba7 9. h3 Bd7 10. Bg5 h6 0-1

[Event "COL-ch U26 (Women)"]
[Site "Cali"]
[Date "2022.09.29"]
[Round "4"]
[White "Espinel Forero, Aura Maria"]
[Black "Moncada Correa, Sara"]
[Result "0-1"]
[WhiteElo "1477"]
[BlackElo "2024"]
[PlyCount "38"]
[EventDate "2022.09.28"]
[EventType "swiss"]
[EventRounds "6"]
[EventCountry "COL"]
[SourceTitle "CBM 210 Extra"]
[Source "ChessBase"]
[SourceDate "2022.11.30"]
[SourceVersion "1"]
[SourceVersionDate "2022.11.30"]
[SourceQuality "1"]

1. e4 c6 2. Nc3 d5 3. Nf3 Bg4 4. h3 Bxf3 5. Qxf3 e6 6. d3 Nd7 7. Bd2 Ngf6 8. 0-0-0 Bb4 9. Qg3 g6 10. e5 d4 11. Ne4 Bxd2+ 12. Rxd2 Nxe4 13. dxe4 Qa5 14. Bc4 Nxe5 15. Rxd4 Nxc4 16. Rxc4 Qxa2 17. Qc3 Qa1+ 18. Kd2 0-0-0+ 19. Ke3 Qxh1 0-1

[Event "COL-ch U26 (Women)"]
[Site "Cali"]
[Date "2022.09.28"]
[Round "2"]
[White "Jaraba Andrade, Aura"]
[Black "Moncada Correa, Sara"]
[Result "0-1"]
[WhiteElo "1731"]
[BlackElo "2024"]
[PlyCount "20"]
[EventDate "2022.09.28"]
[EventType "swiss"]
[EventRounds "6"]
[EventCountry "COL"]
[SourceTitle "CBM 210 Extra"]
[Source "ChessBase"]
[SourceDate "2022.11.30"]
[SourceVersion "1"]
[SourceVersionDate "2022.11.30"]
[SourceQuality "1"]

1. d4 d5 2. Bf4 Nf6 3. Nf3 c5 4. e3 Qb6 5. Qc1 Nc6 6. c3 Bf5 7. Nbd2 e6 8. Be2 Rc8 9. dxc5 Bxc5 10. 0-0 h6 0-1

[Event "COL-ch (Women)"]
[Site "Boyaca"]
[Date "2022.08.21"]
[Round "9"]
[White "Moncada Correa, Sara"]
[Black "Hernandez Fonseca, Maria Paula"]
[Result "1/2-1/2"]
[WhiteElo "1910"]
[BlackElo "2097"]
[PlyCount "195"]
[EventDate "2022.08.17"]
[EventType "swiss"]
[EventRounds "9"]
[EventCountry "COL"]
[SourceTitle "CBM 210 Extra"]
[Source "ChessBase"]
[SourceDate "2022.11.30"]
[SourceVersion "1"]
[SourceVersionDate "2022.11.30"]
[SourceQuality "1"]

1. d4 d5 2. c4 c6 3. Nf3 Nf6 4. Qc2 g6 5. cxd5 cxd5 6. Bf4 Bg7 7. e3 0-0 8. Nc3 Nc6 9. Be2 Bf5 10. Qb3 Na5 11. Qb4 Rc8 12. 0-0 Re8 13. Rac1 Nh5 14. Bg5 h6 15. Bh4 g5 16. Bg3 Nxg3 17. hxg3 Bf8 18. Qb5 e6 19. Na4 Bc2 20. Nc5 a6 21. Qb4 Bf5 22. Qd2 Re7 23. b4 Nc4 24. Bxc4 dxc4 25. Ne5 b6 26. Nxa6 Qe8 27. Nxc4 Ra7 28. b5 Rxc4 29. Rxc4 Qxb5 30. Rc8 Qxa6 31. Rfc1 Kg7 32. d5 e5 33. R8c7 Qxa2 34. Qc3 Bd6 35. Rxa7 Qxa7 36. Ra1 Qb7 37. Qc6 Qxc6 38. dxc6 Be4 39. Rd1 Be7 40. c7 Bf5 41. Rd8 b5 42. Kf1 Ba3 43. Ke2 b4 44. c8Q Bxc8 45. Rxc8 Bb2 46. g4 Kg6 47. Kd3 Bc3 48. Ke4 f6 49. Rb8 Bd2 50. g3 Be1 51. f4 Bc3 52. Rb6 exf4 53. gxf4 gxf4 54. exf4 h5 55. g5 h4 56. gxf6 Be1 57. Kf3 h3 58. f7+ Kxf7 59. Kg4 h2 60. Rh6 b3 61. Rxh2 Bc3 62. Kf5 b2 63. Rh7+ Bg7 64. Rh1 Bc3 65. Rd1 Bd2 66. Rb1 Bc3 67. Rh1 Bd4 68. Rd1 Ke7 69. Ke4 Bc3 70. Kd3 Bf6 71. Re1+ Kf7 72. Ke4 Bc3 73. Rb1 Bg7 74. Rd1 Ke7 75. Rh1 Kf7 76. Rb1 Bc3 77. f5 Kf6 78. Rg1 Kf7 79. Kd3 Be5 80. Ke4 Bc3 81. Kd3 Be5 82. Rb1 Kf6 83. Ke4 Bc3 84. Rg1 Bd2 85. Kf3 Kf7 86. Kg4 Bc3 87. Rh1 Bd2 88. Rb1 Bc3 89. Rh1 Bd4 90. Rd1 Ke7 91. Re1+ Kf7 92. Rb1 Bg7 93. Rd1 Ke7 94. Rh1 Kf7 95. Rb1 Bc3 96. Rg1 Be5 97. Rb1 Kf6 98. Rg1 1/2-1/2

[Event "COL-ch (Women)"]
[Site "Boyaca"]
[Date "2022.08.17"]
[Round "1"]
[White "Largo Chaparro, Sofia Alejandra"]
[Black "Moncada Correa, Sara"]
[Result "0-1"]
[WhiteElo "1324"]
[BlackElo "1910"]
[PlyCount "24"]
[EventDate "2022.08.17"]
[EventType "swiss"]
[EventRounds "9"]
[EventCountry "COL"]
[SourceTitle "CBM 210 Extra"]
[Source "ChessBase"]
[SourceDate "2022.11.30"]
[SourceVersion "1"]
[SourceVersionDate "2022.11.30"]
[SourceQuality "1"]

1. d4 d5 2. Bf4 Nf6 3. e3 c5 4. Nc3 a6 5. h3 Nc6 6. Nf3 g6 7. Be2 Bg7 8. 0-0 cxd4 9. exd4 Ne4 10. Re1 0-0 11. a3 Bf5 12. Ra2 Rc8 0-1

[Event "COL-ch (Women)"]
[Site "Boyaca"]
[Date "2022.08.17"]
[Round "2"]
[White "Moncada Correa, Sara"]
[Black "Castano, Saray"]
[Result "1-0"]
[WhiteElo "1910"]
[BlackElo "1661"]
[PlyCount "59"]
[EventDate "2022.08.17"]
[EventType "swiss"]
[EventRounds "9"]
[EventCountry "COL"]
[SourceTitle "CBM 210 Extra"]
[Source "ChessBase"]
[SourceDate "2022.11.30"]
[SourceVersion "1"]
[SourceVersionDate "2022.11.30"]
[SourceQuality "1"]

1. d4 Nf6 2. c4 g6 3. Nf3 Bg7 4. g3 0-0 5. Bg2 d5 6. cxd5 Nxd5 7. 0-0 Nc6 8. Nc3 Nb6 9. e3 a6 10. h3 e5 11. d5 Na5 12. e4 c6 13. Bg5 f6 14. Be3 cxd5 15. Bxb6 Qxb6 16. Nxd5 Qd8 17. Rc1 Nc6 18. Qb3 Rf7 19. Nb6 Be6 20. Qxe6 Qxb6 21. Rfd1 Rd8 22. Bf1 Kf8 23. Bc4 Qc7 24. Qxf7+ Qxf7 25. Bxf7 Kxf7 26. Rxd8 Nxd8 27. Rc7+ Kf8 28. Rd7 Ne6 29. Rxb7 Nc5 30. Ra7 1-0

[Event "COL-ch U20 Girls"]
[Site "Barranquilla"]
[Date "2022.07.09"]
[Round "7"]
[White "Hernandez Bermudez, Manuela"]
[Black "Moncada Correa, Sara"]
[Result "1/2-1/2"]
[WhiteElo "1871"]
[BlackElo "1953"]
[PlyCount "115"]
[EventDate "2022.07.06"]
[EventType "swiss"]
[EventRounds "9"]
[EventCountry "COL"]
[SourceTitle "EXT 2023"]
[Source "ChessBase"]
[SourceDate "2022.10.05"]
[SourceVersion "1"]
[SourceVersionDate "2022.10.05"]
[SourceQuality "1"]

1. e4 c6 2. d4 d5 3. Nc3 dxe4 4. Nxe4 Bf5 5. Ng3 Bg6 6. h4 h6 7. Nf3 e6 8. h5 Bh7 9. Bd3 Bxd3 10. Qxd3 Nf6 11. Bd2 c5 12. 0-0-0 Nc6 13. Bc3 Qd5 14. dxc5 Qxd3 15. Rxd3 Bxc5 16. Bxf6 gxf6 17. Ne4 Be7 18. Nd6+ Bxd6 19. Rxd6 Ne7 20. g3 Nd5 21. Re1 Rd8 22. Rxd8+ Kxd8 23. c4 Nb6 24. b3 Rg8 25. Kd2 Nd7 26. Kc3 Ke7 27. Rg1 Ne5 28. Nxe5 fxe5 29. Kd3 f5 30. Ke3 Rg5 31. Rh1 Kd6 32. a3 a5 33. Kd3 Kc5 34. Kc3 Kc6 35. Rh4 Rg8 36. Rh1 Rd8 37. Re1 e4 38. Kc2 Rd3 39. Re3 Rd6 40. g4 Rd7 41. gxf5 exf5 42. Rg3 Rd6 43. Rg6 b6 44. Rxd6+ Kxd6 45. f3 exf3 46. Kd3 Kc5 47. Ke3 f2 48. Kxf2 Kd4 49. Kf3 Kc3 50. b4 axb4 51. axb4 Kxb4 52. Kf4 Kxc4 53. Kxf5 b5 54. Kg6 b4 55. Kxh6 b3 56. Kg7 b2 57. h6 b1Q 58. h7 1/2-1/2